000 00350nam a2200157Ia 4500
003 OSt
005 20240129150334.0
008 170524s9999 xx 000 0 und d
020 _a978-8120335653
040 _cIIMT UNIVERSITY
100 _aHERSEY.P.JOHNSON
100 _c2009
245 0 _aORGANAZATION BEHAVIOR
260 _aPHI
942 _2ddc
_c02
999 _c2428
_d2428